[Event "Kirov Region-ch"]
[Site "Kirov"]
[Date "2014.10.18"]
[Round "9"]
[White "Uraev, Ivan"]
[Black "Purgin, Nikolaj"]
[Result "1-0"]
[WhiteElo "2226"]
[BlackElo "2214"]
[PlyCount "73"]
[EventDate "2014.10.10"]
[EventType "swiss"]
[EventRounds "9"]
[EventCountry "RUS"]
[SourceTitle "EXT 2018"]
[Source "ChessBase"]
[SourceDate "2017.10.13"]
[SourceVersion "1"]
[SourceVersionDate "2017.10.13"]
[SourceQuality "1"]

1. Nf3 f5 2. b3 c5 3. Bb2 d6 4. e3 e5 5. Bb5+ Nc6 6. d4 e4 7. d5 a6 8. Bxc6+ bxc6 9. Ng1 cxd5 10. Qxd5 Ra7 11. Ne2 Nf6 12. Qd2 d5 13. 0-0 Bd6 14. h3 Rd7 15. Nbc3 Bb7 16. Na4 0-0 17. Nf4 Re8 18. Bxf6 Qxf6 19. Nb6 Rdd8 20. Nbxd5 Qh6 21. c4 g5 22. Ne2 g4 23. Nef4 Bxf4 24. exf4 gxh3 25. g3 h2+ 26. Kg2 Bxd5 27. cxd5 Qh5 28. Qd1 Qf7 29. Qe2 Rxd5 30. Rfd1 Red8 31. Rxd5 Qxd5 32. Kxh2 Rd6 33. Qh5 Qc6 34. Qg5+ Rg6 35. Qd8+ Kf7 36. Rd1 Qe8 37. Qc7+ 1-0

[Event "Kirov Region-ch"]
[Site "Kirov"]
[Date "2013.10.18"]
[Round "8"]
[White "Dvinskikh, Leonid"]
[Black "Purgin, Nikolaj"]
[Result "1-0"]
[WhiteElo "2062"]
[BlackElo "2255"]
[PlyCount "145"]
[EventDate "2013.10.11"]
[EventType "swiss"]
[EventRounds "9"]
[EventCountry "RUS"]
[SourceTitle "EXT 2014"]
[Source "ChessBase"]
[SourceDate "2013.11.20"]
[SourceVersion "1"]
[SourceVersionDate "2013.11.20"]
[SourceQuality "1"]

1. d4 f5 2. c4 Nf6 3. g3 e6 4. Bg2 Be7 5. Nd2 d5 6. Qc2 c6 7. Nh3 0-0 8. 0-0 Ne4 9. Nf3 g5 10. Ne5 Nd7 11. f3 Nd6 12. b3 Nxe5 13. dxe5 Nf7 14. Bb2 Bc5+ 15. Kh1 Qb6 16. e4 Be3 17. Nf2 d4 18. Nd3 f4 19. Ba3 Re8 20. Bh3 fxg3 21. hxg3 Qd8 22. Bg4 b6 23. Qh2 c5 24. Kg2 Nh8 25. Rh1 Re7 26. Qh3 Qe8 27. Kf1 a5 28. Ke2 Rg7 29. Bc1 Bxc1 30. Raxc1 Raa7 31. a4 Rae7 32. Rcg1 Bb7 33. Qg2 Ng6 34. Rh6 Qb8 35. Qh3 Nxe5 36. Bxe6+ Kh8 37. Qf5 Ng6 38. Rgh1 Qe8 39. Qf6 Nf8 40. Bf5 Kg8 41. Kd2 Ref7 42. Qe5 Re7 43. Qd6 g4 44. Nf4 gxf3 45. Nh5 Rgf7 46. Nf6+ Rxf6 47. Qxf6 Bxe4 48. Bxe4 Rxe4 49. Qxf3 Qe7 50. R6h4 Re3 51. Rg4+ Ng6 52. Qf2 Qe6 53. Rf1 Qe7 54. Re1 Qe6 55. Rg5 Qe7 56. Rd5 Qg7 57. Rd8+ Nf8 58. Rxe3 dxe3+ 59. Qxe3 Qb2+ 60. Ke1 Qa1+ 61. Ke2 Qb2+ 62. Rd2 Qg7 63. Kf2 Qg6 64. Rd5 Qc2+ 65. Kg1 Qb1+ 66. Kg2 Qb2+ 67. Kh3 Qa1 68. Qg5+ Kf7 69. Rf5+ Ke6 70. Rxf8 Qh1+ 71. Kg4 h5+ 72. Qxh5 Qd1+ 73. Rf3 1-0

[Event "Kirov Region-ch"]
[Site "Kirov"]
[Date "2012.10.14"]
[Round "3"]
[White "Bessolitcin, Mikhail"]
[Black "Purgin, Nikolaj"]
[Result "0-1"]
[WhiteElo "1988"]
[BlackElo "2268"]
[PlyCount "59"]
[EventDate "2012.10.12"]
[EventType "swiss"]
[EventRounds "9"]
[EventCountry "RUS"]
[SourceTitle "EXT 2015"]
[Source "ChessBase"]
[SourceDate "2014.11.20"]
[SourceVersion "1"]
[SourceVersionDate "2014.11.20"]
[SourceQuality "1"]

1. e4 e5 2. Nf3 Nc6 3. Bc4 Nf6 4. Ng5 d5 5. exd5 Na5 6. d3 h6 7. Nf3 e4 8. Qe2 Nxc4 9. dxc4 Bc5 10. h3 0-0 11. Nh2 b5 12. Nc3 bxc4 13. Qxc4 Qe7 14. Be3 Bxe3 15. fxe3 Rb8 16. 0-0-0 a5 17. a3 Rb6 18. Na4 Ba6 19. Qc5 Rd6 20. Rd4 Qe5 21. Ng4 Nxg4 22. hxg4 Qg3 23. Rd2 Rfd8 24. Nc3 Qxg4 25. Qxc7 f5 26. Qc5 Qg3 27. Rhd1 Rc8 28. Qd4 Rc4 29. Qa7 Kh7 30. Qe7 0-1

[Event "Kirov Region-ch"]
[Site "Kirov"]
[Date "2012.10.12"]
[Round "1"]
[White "Ljashenko, Konstantin"]
[Black "Purgin, Nikolaj"]
[Result "1-0"]
[WhiteElo "2053"]
[BlackElo "2268"]
[PlyCount "100"]
[EventDate "2012.10.12"]
[EventType "swiss"]
[EventRounds "9"]
[EventCountry "RUS"]
[SourceTitle "EXT 2015"]
[Source "ChessBase"]
[SourceDate "2014.11.20"]
[SourceVersion "1"]
[SourceVersionDate "2014.11.20"]
[SourceQuality "1"]

1. c4 e5 2. Nc3 Nc6 3. g3 g6 4. Bg2 Bg7 5. e3 Nge7 6. Nge2 0-0 7. 0-0 d6 8. d4 exd4 9. Nxd4 Nxd4 10. exd4 Nf5 11. Be3 Re8 12. Qd3 c6 13. Rae1 Bd7 14. d5 Nxe3 15. Rxe3 Rxe3 16. fxe3 c5 17. Qd1 Qe7 18. e4 Re8 19. Qf3 f5 20. exf5 Bxf5 21. g4 Bd7 22. h3 Qe3+ 23. Qxe3 Rxe3 24. Ne4 Bd4 25. Kh1 Re2 26. Nf6+ Bxf6 27. Rxf6 Rxb2 28. Rxd6 Ba4 29. Rd8+ Kf7 30. Rc8 Kf6 31. Rxc5 Ke5 32. Rc7 Bd1 33. Re7+ Kf4 34. d6 Rd2 35. d7 Ba4 36. Bd5 Bxd7 37. Rxd7 Kg3 38. Bc6 Rb2 39. Rd3+ Kh4 40. Bg2 b6 41. a3 Rc2 42. Bd5 Rb2 43. Kg1 Ra2 44. Bg8 h5 45. gxh5 gxh5 46. Bd5 a6 47. Bg2 Rc2 48. Bd5 Ra2 49. Rb3 b5 50. cxb5 axb5 1-0

[Event "RUS-Cup7"]
[Site "Kstovo"]
[Date "1997.05.01"]
[Round "1"]
[White "Purgin, Nikolaj"]
[Black "Kharitonov, Andrei Y"]
[Result "0-1"]
[WhiteElo "2310"]
[BlackElo "2520"]
[PlyCount "60"]
[EventDate "1997.05.01"]
[EventType "swiss"]
[EventRounds "9"]
[EventCountry "RUS"]
[SourceTitle "CBM 059"]
[Source "ChessBase"]
[SourceDate "1997.08.01"]
[SourceVersion "1"]
[SourceVersionDate "1997.08.01"]
[SourceQuality "1"]

1. d4 Nf6 2. c4 e6 3. Nf3 d5 4. e3 Be7 5. b3 0-0 6. Bd3 c5 7. 0-0 cxd4 8. exd4 Nc6 9. Nc3 b6 10. Bf4 Bb7 11. Rc1 Rc8 12. Re1 Ba3 13. Rb1 Bb4 14. Rc1 Ne7 15. Bg5 Ng6 16. Ne5 dxc4 17. Bxg6 hxg6 18. bxc4 b5 19. c5 Qa5 20. Bxf6 Bxc3 21. Re3 gxf6 22. Nd7 Bd2 23. Rg3 Rfd8 24. Nxf6+ Kg7 25. Rc2 Bh6 26. Ng4 Bf4 27. Rh3 Qa4 28. g3 Rxd4 29. Qa1 Qxc2 30. Qxd4+ e5 0-1

[Event "RUS-Cup7"]
[Site "Kstovo"]
[Date "1997.??.??"]
[Round "4"]
[White "Doroshkievich, Vladimir K"]
[Black "Purgin, Nikolaj"]
[Result "1-0"]
[WhiteElo "2385"]
[BlackElo "2310"]
[PlyCount "81"]
[EventDate "1997.05.01"]
[EventType "swiss"]
[EventRounds "9"]
[EventCountry "RUS"]
[SourceTitle "EXT 1999"]
[Source "ChessBase"]
[SourceDate "1998.11.16"]
[SourceVersion "1"]
[SourceVersionDate "1998.11.16"]
[SourceQuality "1"]

1. d4 f5 2. g3 e6 3. Bg2 Nf6 4. Nh3 d5 5. 0-0 Bd6 6. b3 Qe7 7. c4 c6 8. Bf4 0-0 9. Bxd6 Qxd6 10. Nd2 Bd7 11. Rb1 Be8 12. b4 a6 13. a4 Nbd7 14. c5 Qe7 15. f4 Ng4 16. Rf3 Ndf6 17. Rfb3 Rc8 18. e3 Rc7 19. Qe1 h6 20. Bf1 Qf7 21. b5 axb5 22. axb5 Qh5 23. bxc6 Bxc6 24. Ra1 g5 25. Qe2 Rg7 26. Nf3 Kh7 27. Ne5 Rfg8 28. Ra7 Nxe5 29. Qxh5 Nxh5 30. fxe5 Rf7 31. Rb6 Rc8 32. Nf2 Ng7 33. Nd3 Rcc7 34. Nb4 Be8 35. Ra8 Rfe7 36. Rd6 Bd7 37. Bd3 Ne8 38. g4 Kg7 39. gxf5 exf5 40. Nxd5 Nxd6 41. exd6 1-0

[Event "RUS-Cup7"]
[Site "Kstovo"]
[Date "1997.??.??"]
[Round "9"]
[White "Purgin, Nikolaj"]
[Black "Ananchenko, Igor"]
[Result "1-0"]
[WhiteElo "2310"]
[BlackElo "2290"]
[PlyCount "127"]
[EventDate "1997.05.01"]
[EventType "swiss"]
[EventRounds "9"]
[EventCountry "RUS"]
[SourceTitle "EXT 1999"]
[Source "ChessBase"]
[SourceDate "1998.11.16"]
[SourceVersion "1"]
[SourceVersionDate "1998.11.16"]
[SourceQuality "1"]

1. d4 d5 2. Nf3 Nf6 3. c4 e6 4. e3 Be7 5. b3 0-0 6. Bd3 c5 7. Nbd2 Nc6 8. Bb2 b6 9. 0-0 Bb7 10. Qe2 Qc7 11. Rac1 Rad8 12. Rfd1 Rfe8 13. cxd5 Nxd5 14. dxc5 Bxc5 15. Ne4 Bf8 16. Ne5 f6 17. Nxc6 Bxc6 18. Rc4 Qb7 19. Qh5 f5 20. Ng5 h6 21. Rxc6 Qxc6 22. Nf7 Nc3 23. Nxd8 Rxd8 24. Bxc3 Qxc3 25. Bc4 Rxd1+ 26. Qxd1 Qe5 27. Qd7 Qa1+ 28. Bf1 Qf6 29. Qxa7 e5 30. Bc4+ Kh7 31. Qa8 g5 32. Qd5 h5 33. Qd7+ Kh6 34. g3 f4 35. Bd3 Bg7 36. Be4 g4 37. a4 fxe3 38. fxe3 Qf8 39. b4 Kg5 40. a5 bxa5 41. bxa5 Qf6 42. Qc6 Qxc6 43. Bxc6 Bf8 44. e4 h4 45. Bb5 Bc5+ 46. Kf1 Bd4 47. a6 hxg3 48. hxg3 Ba7 49. Be2 Bb6 50. Ke1 Bd4 51. Kd2 Bf2 52. Kd3 Kf6 53. Kc4 Ke7 54. Kd5 Kd7 55. Bxg4+ Kc7 56. Kxe5 Bxg3+ 57. Ke6 Bf2 58. e5 Bd4 59. Be2 Kc6 60. Bf1 Bc3 61. Bb5+ Kb6 62. Kd6 Bd4 63. e6 Bc5+ 64. Kd7 1-0

[Event "RUS-chT2"]
[Site "Bryansk"]
[Date "1995.??.??"]
[Round "6"]
[White "Purgin, Nikolaj"]
[Black "Iljushin, Alexei"]
[Result "0-1"]
[WhiteElo "2300"]
[BlackElo "2330"]
[PlyCount "76"]
[EventDate "1995.??.??"]
[EventType "team"]
[EventRounds "9"]
[EventCountry "RUS"]
[SourceTitle "EXT 1998"]
[Source "ChessBase"]
[SourceDate "1997.11.17"]
[SourceVersion "1"]
[SourceVersionDate "1997.11.17"]
[SourceQuality "1"]

1. d4 e6 2. e4 d5 3. Nc3 Nf6 4. e5 Nfd7 5. f4 c5 6. Nf3 Nc6 7. Be3 cxd4 8. Nxd4 Bc5 9. Bb5 Bxd4 10. Bxd4 a6 11. Bxc6 bxc6 12. Na4 Qe7 13. c3 c5 14. Bf2 Bb7 15. a3 a5 16. 0-0 0-0 17. Qg4 Rfb8 18. Bh4 Qe8 19. Bf6 g6 20. Qh4 Bc6 21. Nxc5 Nxc5 22. Rf3 h5 23. g4 Ne4 24. gxh5 Qf8 25. hxg6 fxg6 26. Rh3 Qc5+ 27. Kh1 Nf2+ 28. Kg2 Nxh3 29. Qh8+ Kf7 30. Qg7+ Ke8 31. Kxh3 Qf8 32. Qc7 Rc8 33. Qh7 Qf7 34. Qh6 Rc7 35. Rg1 Qh7 36. Rxg6 d4 37. cxd4 Be4 38. Bg7 Bxg6 0-1

[Event "RUS-chT2"]
[Site "Bryansk"]
[Date "1995.??.??"]
[Round "5"]
[White "Vasilchenko, Oleg"]
[Black "Purgin, Nikolaj"]
[Result "1-0"]
[WhiteElo "2450"]
[BlackElo "2300"]
[PlyCount "59"]
[EventDate "1995.??.??"]
[EventType "team"]
[EventRounds "9"]
[EventCountry "RUS"]
[SourceTitle "EXT 1998"]
[Source "ChessBase"]
[SourceDate "1997.11.17"]
[SourceVersion "1"]
[SourceVersionDate "1997.11.17"]
[SourceQuality "1"]

1. d4 Nf6 2. Nf3 d5 3. c4 e6 4. g3 c6 5. Bg2 Bd6 6. 0-0 Nbd7 7. Qc2 Ne4 8. Nfd2 f5 9. Nxe4 fxe4 10. f3 0-0 11. fxe4 Rxf1+ 12. Bxf1 e5 13. exd5 exd4 14. Nd2 cxd5 15. Bg2 Nf6 16. cxd5 Ng4 17. Nf3 Qb6 18. Qb3 Qc5 19. Qd3 Bd7 20. Bf4 Bxf4 21. gxf4 Re8 22. Qxd4 Qc2 23. Ne5 Qxe2 24. Nxd7 Ne3 25. Be4 Nc2 26. Qd3 Qg4+ 27. Kh1 Nxa1 28. Bxh7+ Kh8 29. Ne5 Qh5 30. Bg6 1-0

[Event "St Petersburg op"]
[Site "St Petersburg"]
[Date "1994.??.??"]
[Round "5"]
[White "Notkin, Maksim"]
[Black "Purgin, Nikolaj"]
[Result "1-0"]
[WhiteElo "2485"]
[BlackElo "2295"]
[PlyCount "51"]
[EventDate "1994.02.??"]
[EventType "swiss"]
[EventRounds "9"]
[EventCountry "RUS"]
[SourceTitle "CBM 041"]
[Source "ChessBase"]
[SourceDate "1994.08.01"]
[SourceVersion "1"]
[SourceVersionDate "1994.08.01"]
[SourceQuality "1"]

1. d4 Nf6 2. c4 c5 3. d5 b5 4. cxb5 a6 5. f3 e6 6. e4 exd5 7. e5 Qe7 8. Qe2 Ng8 9. Nc3 Bb7 10. Nh3 f6 11. Nf4 d4 12. Ncd5 Qxe5 13. Nc7+ Kd8 14. Nxa8 Bxa8 15. bxa6 c4 16. Qxe5 fxe5 17. a7 Nc6 18. Nd5 Nb4 19. Bg5+ Kc8 20. Bxc4 Nxd5 21. Rc1 Bb4+ 22. Kf2 Nc3 23. bxc3 dxc3 24. Rb1 Bd6 25. Rb8+ Kc7 26. Rxa8 1-0

[Event "St Petersburg op"]
[Site "St Petersburg"]
[Date "1994.??.??"]
[Round "7"]
[White "Terekhin, Anatoly"]
[Black "Purgin, Nikolaj"]
[Result "0-1"]
[WhiteElo "2350"]
[BlackElo "2295"]
[PlyCount "108"]
[EventDate "1994.02.??"]
[EventType "swiss"]
[EventRounds "9"]
[EventCountry "RUS"]
[SourceTitle "CBM 041"]
[Source "ChessBase"]
[SourceDate "1994.08.01"]
[SourceVersion "1"]
[SourceVersionDate "1994.08.01"]
[SourceQuality "1"]

1. e4 e5 2. Nf3 Nc6 3. c3 Nf6 4. d3 g6 5. Be2 Bg7 6. 0-0 0-0 7. b4 a6 8. Nbd2 d5 9. a3 h6 10. Qc2 Be6 11. Re1 Qd7 12. Bb2 Rad8 13. Rad1 Rfe8 14. Bf1 Qc8 15. exd5 Nxd5 16. c4 Nf4 17. Nxe5 Bh3 18. Ndf3 Nxe5 19. Bxe5 Bxe5 20. Nxe5 Qf5 21. Nxf7 Kxf7 22. gxh3 Rxe1 23. Rxe1 Qg5+ 24. Kh1 Rxd3 25. Re3 Rd6 26. c5 Qd5+ 27. Qe4 Qxe4+ 28. Rxe4 Rf6 29. Bc4+ Kf8 30. c6 b5 31. Bf1 g5 32. h4 Rxc6 33. hxg5 hxg5 34. Re5 Rc1 35. Kg1 Kf7 36. h4 Kf6 37. Re8 gxh4 38. f3 h3 39. Rh8 Ke5 40. Kf2 Rc2+ 41. Kg3 h2 42. Rxh2 Rxh2 43. Kxh2 Nd5 44. Kg3 Ne3 45. Bh3 Nc2 46. Bc8 Nxa3 47. Bxa6 c6 48. f4+ Kd6 49. Bc8 Nc2 50. Kg4 Nxb4 51. Kg5 Nd3 52. f5 b4 53. f6 b3 54. Bf5 Ne5 0-1

[Event "St Petersburg op"]
[Site "St Petersburg"]
[Date "1994.??.??"]
[Round "2"]
[White "Tunik, Gennady"]
[Black "Purgin, Nikolaj"]
[Result "1/2-1/2"]
[WhiteElo "2430"]
[BlackElo "2295"]
[PlyCount "85"]
[EventDate "1994.02.??"]
[EventType "swiss"]
[EventRounds "9"]
[EventCountry "RUS"]
[SourceTitle "CBM 041"]
[Source "ChessBase"]
[SourceDate "1994.08.01"]
[SourceVersion "1"]
[SourceVersionDate "1994.08.01"]
[SourceQuality "1"]

1. d4 Nf6 2. c4 c5 3. d5 d6 4. Nc3 g6 5. e4 Bg7 6. Bd3 0-0 7. h3 a6 8. a4 e6 9. Nf3 b6 10. Bg5 h6 11. Be3 exd5 12. cxd5 Re8 13. 0-0 Nbd7 14. Re1 g5 15. Nh2 Ne5 16. Bf1 Bd7 17. Bd2 Qc8 18. Rb1 Rb8 19. b4 b5 20. axb5 axb5 21. bxc5 Qxc5 22. Na2 Nc4 23. Bb4 Qa7 24. Nc3 Rbc8 25. Re2 Qb6 26. Ra1 g4 27. g3 gxh3 28. Rea2 Nxe4 29. Nxe4 Rxe4 30. Qf3 Qd4 31. Bc3 Ne5 32. Bxd4 Nxf3+ 33. Nxf3 Bxd4 34. Nxd4 Rxd4 35. Ra7 Bf5 36. Bxb5 Rc2 37. Be8 h2+ 38. Kxh2 Rxf2+ 39. Kg1 Rdd2 40. Bxf7+ Kf8 41. Bh5 Rg2+ 42. Kf1 Bg6 43. Bxg6 1/2-1/2

[Event "St Petersburg op"]
[Site "St Petersburg"]
[Date "1993.??.??"]
[Round "?"]
[White "Nikolaidis, Ioannis"]
[Black "Purgin, Nikolaj"]
[Result "1-0"]
[WhiteElo "2440"]
[BlackElo "2300"]
[PlyCount "56"]
[EventDate "1993.10.??"]
[EventType "swiss"]
[EventRounds "9"]
[EventCountry "RUS"]
[SourceTitle "TD"]
[Source "ChessBase"]
[SourceDate "1994.03.01"]
[SourceVersion "1"]
[SourceVersionDate "1994.03.01"]
[SourceQuality "1"]

1. d4 Nf6 2. c4 e6 3. Nc3 Bb4 4. e3 c5 5. Nge2 d5 6. a3 Bxc3+ 7. Nxc3 b6 8. cxd5 exd5 9. Bb5+ Bd7 10. Be2 Bc6 11. 0-0 0-0 12. b3 Nbd7 13. Bb2 Re8 14. Rc1 Rc8 15. Nb5 Bxb5 16. Bxb5 Re6 17. Qd3 Ng4 18. h3 Ndf6 19. Rfe1 Ne4 20. f3 Ngf2 21. Qf1 Nxh3+ 22. gxh3 Ng3 23. Qf2 Qd6 24. dxc5 bxc5 25. f4 Rg6 26. Kh2 Ne4 27. Qh4 Rb8 28. Be5 Qb6 1-0

[Event "St Petersburg op"]
[Site "St Petersburg"]
[Date "1993.??.??"]
[Round "?"]
[White "Petrosian, Arshak B"]
[Black "Purgin, Nikolaj"]
[Result "1/2-1/2"]
[WhiteElo "2485"]
[BlackElo "2300"]
[PlyCount "119"]
[EventDate "1993.10.??"]
[EventType "swiss"]
[EventRounds "9"]
[EventCountry "RUS"]
[SourceTitle "TD"]
[Source "ChessBase"]
[SourceDate "1994.03.01"]
[SourceVersion "1"]
[SourceVersionDate "1994.03.01"]
[SourceQuality "1"]

1. Nf3 f5 2. d4 Nf6 3. g3 d5 4. Bg2 e6 5. 0-0 Bd6 6. c4 c6 7. Ne5 0-0 8. Bf4 Qe7 9. Nd2 Nh5 10. e3 Nxf4 11. exf4 Bxe5 12. fxe5 Bd7 13. f4 Be8 14. Qe2 Qb4 15. Qd3 a5 16. c5 a4 17. Qc3 Na6 18. Rfc1 b5 19. Bf3 Rf7 20. Nf1 h6 21. Be2 g5 22. fxg5 hxg5 23. Ne3 Rh7 24. a3 Qxc3 25. Rxc3 Bg6 26. Ng2 Kf7 27. h4 Rg8 28. Kf2 Bh5 29. Bxh5+ Rxh5 30. hxg5 Rgxg5 31. Rg1 Rh2 32. Rcc1 Rg4 33. Rcd1 b4 34. Kf3 Re4 35. Rd3 b3 36. Rgd1 Nc7 37. R3d2 Nb5 38. Rd3 Rxg2 39. Kxg2 Re2+ 40. Kf3 Rxb2 41. g4 fxg4+ 42. Kxg4 Rg2+ 43. Kh3 Rg7 44. Kh4 Ke7 45. Kh5 Rg8 46. Rf3 Rf8 47. Rfd3 Rf2 48. Kg4 Kd7 49. Rh3 Rf7 50. Rh8 Nxa3 51. Ra8 b2 52. Rh1 Ke7 53. Rhh8 Rg7+ 54. Kh5 Nb5 55. Rhe8+ Kd7 56. Red8+ Kc7 57. Rdc8+ Kd7 58. Rd8+ Ke7 59. Re8+ Kd7 60. Rad8+ 1/2-1/2

[Event "RUS-chT2"]
[Site "Podolsk"]
[Date "1993.??.??"]
[Round "?"]
[White "Purgin, Nikolaj"]
[Black "Kalegin, Evgenij"]
[Result "0-1"]
[WhiteElo "2320"]
[BlackElo "2355"]
[PlyCount "49"]
[EventDate "1993.??.??"]
[EventType "team"]
[EventRounds "9"]
[EventCountry "RUS"]
[SourceTitle "TD"]
[Source "ChessBase"]
[SourceDate "1994.03.01"]
[SourceVersion "1"]
[SourceVersionDate "1994.03.01"]
[SourceQuality "1"]

1. d4 Nf6 2. c4 c5 3. d5 b5 4. Nf3 Bb7 5. cxb5 Bxd5 6. Nc3 Bxf3 7. exf3 e6 8. g3 d5 9. Bg2 g6 10. 0-0 Bg7 11. Bg5 0-0 12. f4 a6 13. a4 Nbd7 14. g4 axb5 15. Nxb5 Ra6 16. Ra3 Nb6 17. Re1 Qd7 18. f5 exf5 19. gxf5 Nxa4 20. Rxa4 Qxb5 21. Rh4 Qxb2 22. Bxd5 Nxd5 23. Qxd5 Bd4 24. Rf4 Qd2 25. Kf1 0-1

[Event "St Petersburg op"]
[Site "St Petersburg"]
[Date "1993.??.??"]
[Round "?"]
[White "Purgin, Nikolaj"]
[Black "Lukin, Andrei M"]
[Result "0-1"]
[WhiteElo "2300"]
[BlackElo "2440"]
[PlyCount "100"]
[EventDate "1993.10.??"]
[EventType "swiss"]
[EventRounds "9"]
[EventCountry "RUS"]
[SourceTitle "TD"]
[Source "ChessBase"]
[SourceDate "1994.03.01"]
[SourceVersion "1"]
[SourceVersionDate "1994.03.01"]
[SourceQuality "1"]

1. d4 d6 2. e4 Nf6 3. Nc3 g6 4. f4 Bg7 5. Nf3 0-0 6. Bd3 Nc6 7. d5 Nb4 8. Be2 c6 9. a3 Na6 10. Be3 Qc7 11. 0-0 Nc5 12. Bxc5 dxc5 13. dxc6 Qxf4 14. e5 Ng4 15. Nd5 Qe4 16. Qd3 Qxd3 17. Nxe7+ Kh8 18. Bxd3 bxc6 19. Rae1 Bd7 20. h3 Rae8 21. Nxg6+ hxg6 22. hxg4 Bxg4 23. Ng5 Be6 24. Rf4 Kg8 25. Rh4 Re7 26. Nh7 Rd8 27. Nf6+ Kf8 28. Rf1 Rd4 29. Rff4 Rxf4 30. Rxf4 Bc8 31. Bc4 Bh6 32. Rf3 Kg7 33. Ne4 Bg4 34. Rf6 Be3+ 35. Kf1 Bd4 36. c3 Bxe5 37. Rxc6 Bf5 38. Nf2 Rc7 39. Ra6 Rb7 40. g4 Bc2 41. Ke1 Rxb2 42. Rxa7 Bxc3+ 43. Kf1 Kh6 44. Rxf7 Bd4 45. Bd5 Kg5 46. Be6 Rb6 47. Nh3+ Kh4 48. Nf4 g5 49. Ng2+ Kg3 50. Bf5 Bb3 0-1

[Event "RUS-chT2"]
[Site "Podolsk"]
[Date "1993.??.??"]
[Round "?"]
[White "Purgin, Nikolaj"]
[Black "Miton, Kamil"]
[Result "1-0"]
[WhiteElo "2320"]
[BlackElo "2440"]
[PlyCount "77"]
[EventDate "1993.??.??"]
[EventType "team"]
[EventRounds "9"]
[EventCountry "RUS"]
[SourceTitle "EXT 1998"]
[Source "ChessBase"]
[SourceDate "1997.11.17"]
[SourceVersion "1"]
[SourceVersionDate "1997.11.17"]
[SourceQuality "1"]

1. d4 e6 2. e4 d5 3. Nd2 Nh6 4. Ngf3 f5 5. exd5 exd5 6. Bd3 Be7 7. 0-0 Nf7 8. c4 c6 9. Re1 0-0 10. cxd5 cxd5 11. Ne5 Nxe5 12. Rxe5 Nc6 13. Rxd5 Bd6 14. Bc4 Kh8 15. Nf3 Be6 16. Bg5 Ne7 17. Rxd6 Qxd6 18. Bxe7 Qxe7 19. Qe2 Rfe8 20. Re1 Bxc4 21. Qxe7 Rxe7 22. Rxe7 Bxa2 23. Rxb7 Bd5 24. Rb5 Bxf3 25. gxf3 g6 26. Kf1 Rd8 27. d5 Kg7 28. Ke2 a6 29. Ra5 Rb8 30. Rxa6 Rxb2+ 31. Ke3 f4+ 32. Kxf4 Rxf2 33. Ra7+ Kh6 34. h4 Rh2 35. d6 Rd2 36. d7 Rd5 37. Ke4 Rd1 38. Ke5 g5 39. Ra6+ 1-0

[Event "St Petersburg op"]
[Site "St Petersburg"]
[Date "1993.??.??"]
[Round "?"]
[White "Purgin, Nikolaj"]
[Black "Poluljahov, Aleksandr"]
[Result "1/2-1/2"]
[WhiteElo "2300"]
[BlackElo "2505"]
[PlyCount "98"]
[EventDate "1993.10.??"]
[EventType "swiss"]
[EventRounds "9"]
[EventCountry "RUS"]
[SourceTitle "TD"]
[Source "ChessBase"]
[SourceDate "1994.03.01"]
[SourceVersion "1"]
[SourceVersionDate "1994.03.01"]
[SourceQuality "1"]

1. d4 Nf6 2. c4 e6 3. Nc3 Bb4 4. e3 b6 5. Bd3 Bb7 6. Nge2 Bxg2 7. Rg1 Be4 8. a3 Bxd3 9. Qxd3 Bf8 10. e4 d6 11. Be3 c5 12. 0-0-0 Nc6 13. f4 cxd4 14. Nxd4 Nxd4 15. Bxd4 g6 16. Nb5 Bh6 17. Be3 0-0 18. Nxd6 Nh5 19. Rg4 Qc7 20. e5 Rad8 21. Qe2 Qe7 22. Qf2 Bg7 23. Kb1 f6 24. Qh4 Rd7 25. Bd4 fxe5 26. Qxe7 Rxe7 27. Bxe5 Nf6 28. Rg2 Nd7 29. Re2 Bh6 30. Rd4 Nb8 31. b4 Nc6 32. Rde4 Rd7 33. c5 bxc5 34. bxc5 Rc7 35. Rc2 Bg7 36. Bxg7 Kxg7 37. Rxe6 Nd4 38. Ne8+ Rxe8 39. Rxe8 Nxc2 40. Kxc2 Rxc5+ 41. Kb3 Kf6 42. Rf8+ Ke6 43. Re8+ Kf6 44. Rf8+ Kg7 45. Ra8 Rc7 46. a4 Kf6 47. Rf8+ Ke7 48. Rb8 Kd6 49. Rf8 Ke7 1/2-1/2